Flow networks : (رقم التسجيلة. 35105)

تفاصيل مارك
000 -الفاتح
حقل البيانات ثابتة الطول 02904nam a22002657a 4500
003 - محدد رقم الضبط
رقم الضبط OSt
005 - وقت وتاريخ اخر تعامل مع التسجيلة
رقم الضبط 20150408114218.0
008 - عناصر البيانات ثابتة الطول - معلومات عامة
حقل البيانات ثابتة الطول 140515s2013 ne a f b 000 0 eng d
020 ## - الرقم الدولى المعيارى للكتب
الرقم الدولى المعيارى للكتاب 9780123983961
040 ## - مصدر الفهرسة
وكالة الفهرسة الأصلية Ma-Un
082 04 - رقم تصنيف ديوى العشرى
رقم الطبعة 22
رقم التصنيف 621
رقم المادة TMF
100 1# - المدخل الرئيسى - إسم شخصى
الإسم الشخصى Todinov, Michael T.
9 (RLIN) 45204
245 10 - بيان العنوان
العنوان Flow networks :
بقية العنوان Analysis and optimization of repairable flow networks, networks with disturbed flows, static flow networks and reliability networks /
بيان المسئوليه,etc Michael T. Todinov.
250 ## - بيان الطبعة
بيان الطبعة 1st ed.
260 ## - PUBLICATION, DISTRIBUTION, ETC. (IMPRINT)
مكان الناشر او الموزع Amsterdam ;
-- Boston :
اسم الناشر او الموزع Elsevier,
تاريخ النشر أو التوزيع 2013.
300 ## - الوصف المادى
التعداد xviii, 247 p. :
تفاصيل ماديه اخرى للوعاء ill. ;
أبعاد الوعاء 24 cm.
490 1# - بيان السلسلة
عنوان السلسلة Elsevier insights
504 ## - تبصرة ببليوجرافية
تبصرة ببليوجرافية,الخ Includes bibliographical references (p. [243]-247)
520 ## - التبصرة الخاصة بالتعليق أو التلخيص
ملخص,الخ Repairable flow networks are a new area of research, which analyzes the repair and flow disruption caused by failures of components in static flow networks. This book addresses a gap in current network research by developing the theory, algorithms and applications related to repairable flow networks and networks with disturbed flows. The theoretical results presented in the book lay the foundations of a new generation of ultra-fast algorithms for optimizing the flow in networks after failures or congestion, and the high computational speed creates the powerful possibility of optimal control of very large and complex networks in real time. Furthermore, the possibility for re-optimizing the network flows in real time increases significantly the yield from real production networks and reduces to a minimum the flow disruption caused by failures. The potential application of repairable flow networks reaches across many large and complex systems, including active power networks, telecommunication networks, oil and gas production networks, transportation networks, water supply networks, emergency evacuation networks, and supply networks. The book reveals a fundamental flaw in classical algorithms for maximising the throughput flow in networks, published since the creation of the theory of flow networks in 1956. Despite the years of intensive research, the classical algorithms for maximising the throughput flow leave highly undesirable directed loops of flow in the optimised networks. These flow loops are associated with wastage of energy and resources and increased levels of congestion in the optimised networks. Includes theory and practical examples to build a deep understanding of the issuesWritten by the leading scholar and researcher in this emerging fieldFeatures powerful software tools for analysis, optimization and control of repairable flow networks.
650 ## - المدخل الاضافى بالموضوع-مصطلح موضوعى
مصطلح موضوعي أو اسم جغرافي كعنصر مدخل Network analysis (Planning)
9 (RLIN) 8584
650 ## - المدخل الاضافى بالموضوع-مصطلح موضوعى
مصطلح موضوعي أو اسم جغرافي كعنصر مدخل Programming (Mathematics)
9 (RLIN) 17839
830 #0 - المدخل الاضافى بالسلسلة -عنوان موحد
عنوان موحد Elsevier insights.
9 (RLIN) 37976
942 ## - عناصر المدخل الإضافي( كوها)
مصدر التصنيف او مخطط الترفيف Dewey Decimal Classification
Koha [default] item type كتاب
المقتنيات
حالة الفقد نموذج السعر الفعال حالة تلف ليس للاعارة رقم الطلب رقم النسخة تاريخ الاكتساب مصدر التزويد الموقع الحالي الباركود الفرع الرئيسي Date last seen نوع المادة فى نظام كوها مصدر التصنيف او خطة الترفيف Total Checkouts
  2014-05-15   Not For Loan 621 TMF 1 2014-05-15 دار العرب المكتبة المركزية بالمجمعة (CL) 00211427 المكتبة المركزية بالمجمعة (CL) 2014-05-15 كتاب Dewey Decimal Classification  
  2014-05-15   Not For Loan 621 TMF 1 2014-05-15 دار العرب مكتبة مجمع الكليات بالزلفى - طلاب (SZM) 00211428 مكتبة مجمع الكليات بالزلفى - طلاب (SZM) 2014-05-15 كتاب Dewey Decimal Classification  
  2014-05-15     621 TMF 2 2014-05-15 دار العرب مكتبة مجمع الكليات بالزلفى - طلاب (SZM) 00211429 مكتبة مجمع الكليات بالزلفى - طلاب (SZM) 2014-05-15 كتاب Dewey Decimal Classification